| 000 | 01320nam0a22003011 4500 | ||
|---|---|---|---|
| 001 | v19\rc\1590161 | ||
| 005 | 20250618214045.0 | ||
| 035 | _a(NLR Aleph) 004714870 | ||
| 090 |
_a4251321 _c4251321 |
||
| 100 | _a20061002e18941894|||y0rusy50 ca | ||
| 101 | 0 | _arus | |
| 102 | _aRU | ||
| 105 | _ae z ||||| | ||
| 200 | 1 | _aЗимовки и другие постоянные сооружения кочевников Акмолинской области | |
| 210 |
_a[Омск _d1894] |
||
| 215 |
_a18 с., 1 л. план. _d25 |
||
| 300 | _aВ конце текста авт.: В. Шнэ | ||
| 309 | _aБез тит. л. и обл. | ||
| 311 | _aОтт. из "Записок Западносиб. отд. Рус. геогр. о-ва". 1894, т. 17, вып. 1 | ||
| 488 | 0 |
_12001#$aЗаписки Западносибирского отдела Русского географического общества$v1894, т. 17, вып. 1 _tЗаписки Западносибирского отдела Русского географического общества |
|
| 700 | 1 |
_aШнэ _bВ.К. _gВиктор Карлович |
|
| 801 | 0 |
_aRU _bNLR _gpsbo |
|
| 801 | 0 |
_aRU _bRuMoRGB _2psbo |
|
| 801 | 1 |
_aRU _bProSoft-M _2rusmarc |
|
| 852 |
_aNLR _j18.180.2.900 |
||
| 899 |
_aRuMoRGB _jJ 103/448 |
||
| 942 | _cBOOK | ||
| 980 | _aNB | ||